Journey to the west / (Record no. 64828)

MARC details
000 -LEADER
fixed length control field 00711nam a22001937a 4500
005 - DATE AND TIME OF LATEST TRANSACTION
control field 20120410150757.0
020 ## - INTERNATIONAL STANDARD BOOK NUMBER
International Standard Book Number 0835110036
Terms of availability 00.00
035 ## - SYSTEM CONTROL NUMBER
System control number A-841012
035 ## - SYSTEM CONTROL NUMBER
System control number A-841011
037 ## - SOURCE OF ACQUISITION
Stock number DPL
Source of stock number/acquisition ENG
100 ## - MAIN ENTRY--PERSONAL NAME
Personal name Cheng'en, Wu
245 ## - TITLE STATEMENT
Title Journey to the west /
Statement of responsibility, etc by Wu Cheng'en
250 ## - EDITION STATEMENT
Edition statement Vol.I
260 ## - PUBLICATION, DISTRIBUTION, ETC. (IMPRINT)
Place of publication, distribution, etc Beijing
Name of publisher, distributor, etc Foeign Languages Press
Date of publication, distribution, etc 1982
300 ## - PHYSICAL DESCRIPTION
Extent 575p.
Dimensions 20 cms.
942 ## - ADDED ENTRY ELEMENTS (KOHA)
Source of classification or shelving scheme Dewey Decimal Classification
Item type English Books
Classification part 250
Call number suffix CHE
Holdings
Withdrawn status Lost status Not for loan Collection code Home library Current library Date acquired Cost, normal purchase price Full call number Barcode Cost, replacement price Koha item type
      Non-fiction Sarojini Nagar Sarojini Nagar 10/04/2012 0.00 250 CHE A-841012 0.00 English Books
      Non-fiction Sarojini Nagar Sarojini Nagar 10/04/2012 0.00 250 CHE A-841011 0.00 English Books

© Delhi Public Library
Hit Counter
free hit counter